Nghiên cứu tạo bạc nano từ AgNo3 dung dịch với dịch chiết nước của củ nghệ Lào

Nghiên cứu tổng hợp hạt nano bạc bằng phương pháp khử hóa, sử dụng dịch chiết nước củ nghệ làm tác nhân khử. Nghiên cứu ảnh hưởng của hạt nano bạc lên sự phát triển (khả năng ức chế sự phát triển) của vi khuẩn Bacillus thuringiensis ....

Ausführliche Beschreibung

Gespeichert in:
Bibliographische Detailangaben
1. Verfasser: Võ Thanh Hùng
Weitere Verfasser: Lê Tự Hải PGS.TS (Hướng dẫn)
Format: Buch
Veröffentlicht: Đà Nẵng Đại học Đà Nẵng 2014
Schlagworte:
Tags: Tag hinzufügen
Keine Tags, Fügen Sie den ersten Tag hinzu!
Thư viện lưu trữ: Mạng thư viện Đại học Đà Nẵng
LEADER 01794nam a2200361 4500
001 000020097
003 16539
005 20150304140341.0
008 150121s2014 sd
082 1 4 |a 661.8  |b VO-H 
100 1 |a Võ Thanh Hùng 
245 1 |a Nghiên cứu tạo bạc nano từ AgNo3 dung dịch với dịch chiết nước của củ nghệ Lào  |c Võ Thanh Hùng ; Lê Tự Hải hướng dẫn.  |k Luận văn Thạc sĩ 
260 |a Đà Nẵng  |b Đại học Đà Nẵng  |c 2014 
300 |a 84 tr., phụ lục 6 tr.  |b Hình ảnh  |c 29 cm.  |e Tóm tắt 
500 |a Luận văn thạc sĩ Khoa học. Chuyên ngành: Hóa hữu cơ. Mã số: 60.44. 27 
520 |a Nghiên cứu tổng hợp hạt nano bạc bằng phương pháp khử hóa, sử dụng dịch chiết nước củ nghệ làm tác nhân khử. Nghiên cứu ảnh hưởng của hạt nano bạc lên sự phát triển (khả năng ức chế sự phát triển) của vi khuẩn Bacillus thuringiensis . 
650 0 4 |a Củ nghệ Lào  |v Luận văn tốt nghiệp  |x Chiết tách 
650 0 4 |a Bạc nano  |v Luận văn tốt nghiệp  |x Dung dịch AgNO3 
653 |a Củ nghệ Lào 
653 |a Bạc nano 
653 |a Hóa hữu cơ 
653 |a Dung dịch AgNO3 
700 1 |a Lê Tự Hải  |c PGS.TS  |e Hướng dẫn 
OWN |a LSP 
AVA |a UDN50  |b LSP  |d 661.8 VO-H  |e available  |t Error 5001 Not defined in file expand_doc_bib_avail.  |f 1  |g 0  |h N  |i 0  |k 1 
999 |a From the UDN01 
AVA |a UDN50  |b LSP  |d 661.8 VO-H  |e available  |t Error 5001 Not defined in file expand_doc_bib_avail.  |f 1  |g 0  |h N  |i 0  |k 1 
TYP |a Monograph 
TYP |a Printed language 
980 |a Mạng thư viện Đại học Đà Nẵng